Handzeichnungen alter Meister des XV. bis XVIII. Jahrhunderts aus dem Besitze von Frau Geheimrat Ehlers-Göttingen und andere Beiträge aus Privatbesitz, dabei die Sammlung Dr. Gaa-Mannheim (Record no. 5726)

MARC details
000 -CABECERA
campo de control de longitud fija 00956nam a2200205 a 4500
001 - NÚMERO DE CONTROL
campo de control BRCA_6038
005 - FECHA Y HORA DE LA ÚLTIMA TRANSACCIÓN
campo de control 20190321142926.0
008 - DATOS DE LONGITUD FIJA--INFORMACIÓN GENERAL
campo de control de longitud fija 050511s1930----gw-a######---#000-0#ger-#
041 ## - CÓDIGO DE LENGUA
Código de lengua del texto/banda sonora o título independiente ger
044 ## - CÓDIGO DEL PAÍS DE LA ENTIDAD EDITORA/PRODUCTORA
Código MARC del país gw
050 #4 - SIGNATURA TOPOGRÁFICA DE LA BIBLIOTECA DEL CONGRESO
Número de documento/Ítem .H36 1930
245 10 - MENCIÓN DE TÍTULO
Título Handzeichnungen alter Meister des XV. bis XVIII. Jahrhunderts aus dem Besitze von Frau Geheimrat Ehlers-Göttingen und andere Beiträge aus Privatbesitz, dabei die Sammlung Dr. Gaa-Mannheim
Resto del título Handzeichnungen zumeist der französischen, italienischen, niederländischen und schweizerischen Schulen : Eine Sammlung von Schweizer Scheibenrissen und Zeichnungen des XVI-XIX. Jahrhunderts : Kostbare alte Miniaturen.
260 ## - PUBLICACIÓN, DISTRIBUCIÓN, ETC.
Lugar de publicación, distribución, etc. Leipzig
Nombre del editor, distribuidor, etc. C. G. Boerner
Fecha de publicación, distribución, etc. 1930
300 ## - DESCRIPCIÓN FÍSICA
Extensión 109 p.
Otras características físicas il. (algunas a color), 48 láminas
Dimensiones 30 cm.
500 ## - NOTA GENERAL
Nota general Catálogo de la subasta No. 164
500 ## - NOTA GENERAL
Nota general Catálogo de subasta inventariado por Banco de México como libro
500 ## - NOTA GENERAL
Nota general CA4
902 ## - CATALOGADOR
Iniciales GFM
942 ## - ELEMENTOS DE PUNTO DE ACCESO ADICIONAL (KOHA)
Fuente del sistema de clasificación o colocación Library of Congress Classification
Tipo de ítem Koha Libros
Holdings
Estado de retiro Estado de pérdida Estado dañado No para préstamo Localización permanente Ubicación/localización actual Fecha de adquisición Número de inventario Total de préstamos Signatura topográfica completa Código de barras Fecha visto por última vez Precio válido a partir de Tipo de ítem Koha
El ejemplar forma parte de la colección y puede ser consultado según las políticas vigentes.       Biblioteca del Museo Franz Mayer (Rogerio Casas-Alatriste) Biblioteca del Museo Franz Mayer (Rogerio Casas-Alatriste) 05/05/2011 CA4   .H36 1930 (CA4) 6477 22/03/2019 22/03/2019 Libros